Ordered structures and partitions

Saved in:
Bibliographic Details
Main Author: Stanley, Richard P. 1944-
Format: Book
Language:English
Published: Providence : American Mathematical Society, 1972
Series:Memoirs of the American Mathematical Society, no. 119
Subjects:
Tags: Add Tag
No Tags, Be the first to tag this record!

MARC

LEADER 00000cam a2200000 i 4500
001 1/47580
008 941103s1972 eng d
020 |a 0-8218-1819-8 
035 |l 10043102 
035 |a 1993 
040 |a GR-MY-UA  |b gre  |e aacr 
041 0 |a eng 
082 0 |a 511.6 
100 1 |a Stanley, Richard P.  |d 1944- 
245 1 0 |a Ordered structures and partitions /  |c Richard P. Stanley 
260 |a Providence :   |b American Mathematical Society,   |c 1972 
300 |a iii, 104 σ.;  |c 26 εκ. 
490 1 |a Memoirs of the American Mathematical Society, no. 119 
500 |a A revision of the author's thesis, Harvard 
504 |a Βιβλιογραφία: σ. 102-104 
650 0 0 |a Combinatorial analysis. 
650 0 0 |a Partitions (Mathematics) 
650 0 0 |a Euler's numbers. 
852 |a INST  |b SAMOS  |e 19941103  |h 511.6 STA  |p 005300002455  |q 005300002455  |t BK  |y 0 
909 |a Σ  |b 030974